00614nam a2200181Ia 4500008004000000020001800040082001600058100004200074245003200116250000500148260003400153300001400187650006400201690001500265906001100280999001700291952012400308210210b1989 xxu||||| |||| 00| 0 eng d a0 07 100371 1 a791.45 WURT aWURTZEL (Alan) and ACKER (Stephen R). aTelevision production. Ed.3 a aLondonbMcGraw Hill Co.c1989 axviii,661 aTelevision production Audio Video news electronic directing aTelevision a047781 c97062d97062 001040708Fine ArtsaALbALcFine Artsd2021-02-17g0.00l0o791.45 WURTp047781r2021-02-17 00:00:00w2021-02-17yBK